Paroles Alain Souchon - Statistiques

Statistiques générales
  • Ce quiz a été pris 46 fois
  • Le résultat moyen est 12 sur 40
Statistiques - réponses
Paroles Titre % Correct
On nous prend faut pas déconner dès qu'on est né pour des cons alors qu'on est Foule Sentimentale
80%
Je traîne fumée, je me retrouve avec mal au cœur, j'ai vomi tout mon quatre heures Allô Maman bobo
68%
Si tout est moyen, si la vie est un film de rien, ce passage-là était vraiment bien Le baiser
68%
Les lacets le gravier et dans l'air du soir, la Chrysler s'envole dans les fougères et les nénuphars La ballade de Jim
63%
Faut dire qu'j'avais des talons aiguilles, le manteau d'lapin d'une fille, des micro-bracelets aux chevilles, exhibition Bidon
60%
Je vis dans des sphères où les grands n'ont rien à faire, j'vois souvent dans des montgolfières, des géants et des petits hommes verts J'ai dix ans
48%
Matisse, l'amour, c'est bleu, difficile, les caresses, rouges, fragiles L'amour à la machine
48%
Pour voir tout l'orgueil, toutes les guerres avec les deuils, la mort, la beauté, les chansons d'été, les rêves Sous les jupes des filles
48%
Je suis assis rue d'Belleville au milieu d'une foule, et là le temps hémophile coule C'est déjà ça
45%
Il a vu l'espace qui passe entre la jet set, les fastes, les palaces et puis les techniciens de surface La vie ne vaut rien
45%
Mais si j'dis ça, je casse mon image, ce serait dommage d'être au chômage à mon âge J'veux du cuir
40%
Attention plus personne, porteurs de glace de chewing gum, plus de belle allure, chevaux glissant sur la Côte d'Azur Quand j'serai K.O.
40%
Ça se passe partout dans le monde chaque seconde, des visages tout d'un coup s'inondent Ultra Moderne Solitude
40%
Si ces vies qui chavirent, ces yeux mouillés, ce n'était que le plaisir de zigouiller Et si en plus y a personne
33%
Miles Davis qui sonne, sa Gréco, tous les Morrison leur Nico Rive gauche
33%
Puis on m'a enrôlé d'office à Pau, dans les parachutistes, ils voulaient que j' tombe des avions accroché à un champignon Jamais content
30%
Que font ces jeunes assis par terre, habillés comme des traîne-misère Poulailler's song
30%
Baignoire, baignoire, tu m'as menti, ailleurs, ailleurs c'est comme ici Rame
30%
Mais qui t'a rangé à plat dans c'tiroir, comme un espadon dans une baignoire Le Bagad de Lann-Bihoué
25%
Mais la vie nous promène en Seine et Oise, dans sa Simca rouillée. Le marin
25%
J'vous ai suivi jusqu'à Hanoï, pour sauver votre empire, obéissant p'tit boy, bye faut s'tirer on s'tire C'est comme vous voulez
23%
J'ai perdu mon allégresse sur des bateaux de conquêtes Les regrets
23%
Dans mon deux pièces à Paris, elle répétait toutes les nuits, on reste pas dans l'hexagone Tailler la zone
23%
Rue Campagne-Première, personne le ramasse, quand il tombe par terre,"Qu'est-ce que c'est dégueulasse" Âme fifties
20%
Calvin Klein, Gucci, Fendi, Ferrari, Boucheron, Chevignon, Louis Vuitton, Comme des Garçons Putain ça penche
20%
Je voudrais qu'il s'en aille, de quoi j'ai l'air, avec mes détails, mes haltères Somerset Maugham
20%
Ecoutez l'histoire entre Trouville et Dinard, d'un long baiser fini c'est trop tard, les mains sous l'satin, caresse du petit matin, chagrin Y'a d'la rumba dans l'air
20%
Pour tout démolir de nos anciens braseros, effacer les souvenirs et repartir à zéro Caterpillar
18%
Le soir avec les petits frères on parlait, on voulait tout le monde refaire on chantait On avance
18%
Sur sa joue j'ai posé mon index, elle a glissé sa main sous ma veste, un peu plus et là tous les deux, tous les deux Presque
18%
Montons au-dessus des villes des campagnes, sous l'effet de nos baisers de propane Au ras des pâquerettes
13%
Et puis après quand l'amour s'en va, love you're on my mind, you make me see, you make me blind, it is so, so Derrière les mots
13%
J'ai dormi, un enfant est venu dans la dentelle. Partir, revenir, bouger, c'est l'jeu des hirondelles L'amour en fuite
13%
Elle a trop lu de littérature, la plume cœur les égratignures, les p'tits revolvers en dentelles, les coups d'ombrelle La p'tite Bill elle est malade
13%
Si loin de la nature ici, le cœur durcit; on est si loin de l'air, on est si loin du vent La vie Théodore
13%
On embête les bêtes avec des poudres, avec le DTT et le sulfate de soude Pardon
10%
Quand elle vise un garçon, elle s'approche tout au bord. Elle veut pas qu'il entende, son cœur qui bat trop fort Dandy
8%
Balancez les fraiseuses, les machines-outils, riez, ouvriers, joli gâchis ! Parachute doré
8%
Jolie passante, Mercedes éblouissante, oh là sur le monde, un peu de honte qui monte Petit tas tombé
8%
T'as peur qu'on meure, d'un arrêt commun du coeur, tu trouves qu'étoile, c't'un métier qui fait du mal Portbail
8%
Aucun quiz correspondant
Distribution des résultats
% des personnes avec chaque résultat
Percentile par nombre de réponses
Votre historique - résultats
Vous n’avez pas pris ce quiz